Linear systems techniques applied to hydrologic data analysis and instrument evaluation: (Record no. 30144)

MARC details
000 -LEADER
fixed length control field 00585nam a22001577a 4500
008 - FIXED-LENGTH DATA ELEMENTS--GENERAL INFORMATION
fixed length control field 230515b |||||||| |||| 00| 0 eng d
040 ## - CATALOGING SOURCE
Original cataloging agency National Science Library
Transcribing agency National Science Library
080 ## - UNIVERSAL DECIMAL CLASSIFICATION NUMBER
Universal Decimal Classification number 551.49
Item number L3
100 ## - MAIN ENTRY--PERSONAL NAME
Personal name Eagleson, P S
9 (RLIN) 8974
245 ## - TITLE STATEMENT
Title Linear systems techniques applied to hydrologic data analysis and instrument evaluation:
Remainder of title A case study on data from the alice springs area
260 ## - PUBLICATION, DISTRIBUTION, ETC.
Place of publication, distribution, etc. Australia:
Name of publisher, distributor, etc. Commonwealth Scientific and Industrial Research Organization,
Date of publication, distribution, etc. 1973
300 ## - PHYSICAL DESCRIPTION
Extent 60p.
650 ## - SUBJECT ADDED ENTRY--TOPICAL TERM
Topical term or geographic name entry element Linear
653 ## - INDEX TERM--UNCONTROLLED
Uncontrolled term Data
942 ## - ADDED ENTRY ELEMENTS (KOHA)
Source of classification or shelving scheme Universal Decimal Classification
Koha item type Books
Holdings
Withdrawn status Lost status Source of classification or shelving scheme Damaged status Not for loan Home library Current library Shelving location Date acquired Total Checkouts Full call number Barcode Date last seen Price effective from Koha item type
    Universal Decimal Classification     National Science Library National Science Library GF/Rk-9/C-24/R-1 26/07/2004   551.49 L3 192438 15/05/2023 15/05/2023 Books